Bangladesh / (Record no. 129237)

MARC details
000 -CABECERA
campo de control de longitud fija 01044nam a2200205 a 4500
005 - FECHA Y HORA DE LA ÚLTIMA TRANSACCIÓN
campo de control 20210219160037.0
008 - ELEMENTOS DE LONGITUD FIJA--INFORMACIÓN GENERAL
campo de control de longitud fija 080619s1980 mx r 000 0 spa d
035 ## - NÚMERO DE CONTROL DEL SISTEMA
Número de control de sistema UPN01000157123
049 ## - COLECCIÓN
Colección UNE
080 ## - NÚMERO DE CLASIFICACIÓN DECIMAL UNIVERSAL
Número de la Clasificación Decimal Universal 37:338 (549.3) =20 INT 1979.
245 #0 - MENCIÓN DE TÍTULO
Título Bangladesh /
Mención de responsabilidad, etc. UNESCO Field Operational Seminar on the Approaches to Integrated Rural Development and their Methodologiesvis-a-vis the Role of Education, Comilla, etc., Bangladesh/ 1979. Integrated Rural Development and the Role of Education; Report/ Bangladesh/ UNESCO Field Operational Seminar on the Approaches to Integrated Rural Development and their Methodologies vis-a-vis theRole of Education, Comilla, etc., Bangladesh/ 1979.
260 ## - PUBLICACIÓN, DISTRIBUCIÓN, ETC.
Lugar de publicación, distribución, etc. París :
Nombre del editor, distribuidor, etc. UNESCO,
Fecha de publicación, distribución, etc. 1980.
300 ## - DESCRIPCIÓN FÍSICA
Extensión 97 p.
690 ## - PUNTO DE ACCESO ADICIONAL DE MATERIA LOCAL--TÉRMINO DE MATERIA (OCLC, RLIN)
Término de materia o nombre geográfico como elemento inicial Desarrollo de la educación - Programas de alfabetización
690 ## - PUNTO DE ACCESO ADICIONAL DE MATERIA LOCAL--TÉRMINO DE MATERIA (OCLC, RLIN)
Término de materia o nombre geográfico como elemento inicial Educación rural - Papel de la educación - Bangladesh
690 ## - PUNTO DE ACCESO ADICIONAL DE MATERIA LOCAL--TÉRMINO DE MATERIA (OCLC, RLIN)
Término de materia o nombre geográfico como elemento inicial Bangladesh - Papel de la educación - Educación rural
710 2# - ASIENTO SECUNDARIO - NOMBRE CORPORATIVO
Nombre de entidad corporativa o nombre de jurisdicción como elemento de entrada UNESCO
710 2# - ASIENTO SECUNDARIO - NOMBRE CORPORATIVO
Nombre de entidad corporativa o nombre de jurisdicción como elemento de entrada Comilla Project.
905 ## - TIPO DE MATERIAL
Tipo de material UNESCO

No items available.